000 00894nas a2200277 4500
001 BR2012008149
003 BR-BrBNA
005 20231205121357.0
007 ta
008 230509b bl.|||p| |||| 00| 00por d
040 _aBR-BrBNA
_bpor
_cBiblioteca Nacional de Agricultura
041 _a(Pt)
072 _aE12
100 1 _aLima, A.C. da C.
100 1 _aLima, J.P.R.
245 1 _aEconomia do Nordeste: evolução do emprego na Indústria de Transformação e Extrativa Mineral e Identificação da Dinâmica de Aglomerações Produtivas
650 _aEMPREGO
650 _aMINERAÇÃO
650 _aEXTRAÇÃO
650 _aSALÁRIO
650 _aPRODUÇÃO
650 _aPESQUISA
773 0 _tRevista Econômica do Nordeste (Brazil)
_xISSN 0100-4956
_g(Jul-Sep 2008), v. 39(3) p. 503-531
_wBR2012008149
909 _a202311
_bLúcia
_c55
_dLúcia Elande
942 _2AGRIS
_n0
_cANA
999 _c223252
_d223252